Conceptos básicos del Derecho
Spremljeno u:
| Glavni autor: | |
|---|---|
| Format: | Knjiga |
| Jezik: | španjolski |
| Izdano: |
Madrid
Marcial Pons
2015
|
| Izdanje: | 1a. ed |
| Teme: | |
| Oznake: |
Dodaj oznaku
Bez oznaka, Budi prvi tko označuje ovaj zapis!
|
MARC
| LEADER | 00000cam a2200000 a 4500 | ||
|---|---|---|---|
| 001 | UCE7716 | ||
| 003 | CL-VaPUC | ||
| 005 | 20250327113602.0 | ||
| 008 | 150703e20150000sp |||||||||||||||||spa|d | ||
| 999 | |c 359751 |d 359749 | ||
| 020 | |a 9788416212866 | ||
| 040 | |c Pontificia Universidad Católica de Valparaíso | ||
| 082 | 0 | 4 | |a 340.1 GON 2015 |b GON |2 21 |
| 100 | |a González Lagier, Daniel |e author |9 580397 | ||
| 245 | 1 | 0 | |a Conceptos básicos del Derecho |
| 250 | |a 1a. ed | ||
| 260 | |a Madrid |b Marcial Pons |c 2015 | ||
| 300 | |a 217 p | ||
| 505 | |a Normas regulativas: principios y reglas / Ángeles Ródenas Normas constitutivas: reglas que confieren poderes y reglas puramente constitutivas. Las definiciones / Juan Antonio Pérez Lledó Sistema jurídico: lagunas y antinomias / Juan Ruiz Mañero Hechos y acciones en el derecho / Daniel González Lagier Ilícito, responsabilidad y sanción / Victoria Roca El sujeto de derecho y la relación jurídica. De las modalidades deónticas a las posiciones jurídicas de Hohfeld / Jesús Vega Fuentes del derecho / Josep Aguiló Regla Validez y nulidad / Macario Alemany Interpretación y aplicación del derecho / Isabel Lifante Vidal Razonamiento jurídico / Manuel Atienza | ||
| 583 | |a last modification |c 20150703 10:05:00 |k Rodrigo Vera | ||
| 650 | 0 | |a Filosofía del derecho |9 255050 | |
| 650 | 0 | |a Historia del derecho |9 255109 | |
| 650 | 0 | |a Fuentes del derecho |9 255162 | |
| 942 | |c BK |2 ddc | ||
| 945 | |d 20150703 10:05:00 |a dcastane | ||
| 952 | |0 0 |1 0 |3 erb |4 0 |6 340_100000000000000_GON_2015 |7 0 |8 A |9 469286 |a BIBDER |b BIBDER |i 5168937 |l 1 |m 2 |o 340.1 GON 2015 |p 5168937 |r 2023-09-14 |s 2023-08-24 |w 2019-11-23 |y BK |z Catalogado en:20150703 |k DER | ||